Statystyki dla Manchester City 19/20

Kliknij tutaj aby rozwiązać quiz!

Ogólne statystyki

  • Ten quiz został rozwiązany 135 razy
  • Średni wynik to 17 z 23

Statystyki odpowiedzi

PozycjaImię i Nazwisko% Poprawnych
BramkarzEderson
95%
Środkowy napastnikSergio Aguero
93%
Lewy napastnikRaheem Sterling
91%
Prawy obrońcaKyle Walker
90%
Środkowy napastnikGabriel Jesus
88%
Ofensywny pomocnikKevin De Bruyne
88%
ObrońcaAyemeric Laporte
85%
Defensywny pomocnikFernandinho
84%
Prawy napastnikBernardo Silva
83%
ObrońcaJohn Stones
83%
Ofensywny pomocnikDavid Silva
82%
Prawy napastnikRiyad Mahrez
78%
Środkowy pomocnikIlkay Gundogan
75%
Lewy obrońcaBenjamin Mendy
74%
Prawy obrońcaJoao Cancelo
74%
Lewy napastnikLeroy Sane
74%
Lewy obrońcaOleksandr Zinchenko
74%
BramkarzClaudio Bravo
71%
ObrońcaNicolas Otamendi
69%
Środkowy pomocnikPhil Foden
68%
Defensywny pomocnikRodri
68%
ObrońcaEric Garcia
25%
Środkowy pomocnikMix Diskerud
1%

Rozkład punktacji

Percentyl według liczby udzielonych odpowiedzi

Procent ludzi z każdym wynikiem

Twoja historia wyników

Nie rozwiązałeś tego quizu